Seguimiento de egresados e inserción laboral: experiencias universitarias.
Zapisane w:
| Korporacja: | |
|---|---|
| Format: | Książka |
| Język: | hiszpański |
| Wydane: |
Santiago, Chile:
Centro Interuniversitario de Desarrollo (CINDA); Grupo operativo de universidades chilenas; Fondo de Desarrollo Institucional,
2012.
|
| Wydanie: | Primera edición. |
| Seria: | Colección Gestión Universitaria.
|
| Hasła przedmiotowe: | |
| Dostęp online: | Disponible Online desde CINDA |
| Etykiety: |
Dodaj etykietę
Nie ma etykietki, Dołącz pierwszą etykiete!
|
MARC
| LEADER | 00000cam a2200000 a 4500 | ||
|---|---|---|---|
| 001 | UCF2658 | ||
| 003 | CL-VaPUC | ||
| 005 | 20230331093841.0 | ||
| 008 | 120830e20120300CL |||||||||||||||||spa|d | ||
| 999 | |c 349198 |d 349196 | ||
| 020 | |a 978-956-7106-59-2 | ||
| 040 | |c Pontificia Universidad Católica de Valparaíso | ||
| 082 | 0 | 4 | |a 378 CIN 2012 |2 21 |
| 110 | |a Centro Interuniversitario de Desarrollo (CINDA) |e autor |9 560536 | ||
| 245 | 1 | 0 | |a Seguimiento de egresados e inserción laboral: |b experiencias universitarias. |
| 250 | |a Primera edición. | ||
| 260 | |a Santiago, Chile: |b Centro Interuniversitario de Desarrollo (CINDA); |b Grupo operativo de universidades chilenas; |b Fondo de Desarrollo Institucional, |c 2012. | ||
| 300 | |a 309 páginas. | ||
| 490 | |a Colección Gestión Universitaria. | ||
| 583 | |a last modification |c 20170727 04:38:43 |k Rodrigo Vera | ||
| 650 | 0 | |a Universidades |9 256317 |x Seguimiento |x Estudiantes egresados | |
| 650 | 0 | |a Inserción laboral |9 475300 |x Universitarios titulados | |
| 650 | 0 | |a Egresados universitarios |2 CL-VaPUC |9 557064 |v Aspectos laborales | |
| 856 | |u https://cinda.cl/wp-content/uploads/2012/03/seguimiento-de-egresados-e-insercion-laboral-experiencias-universitarias.pdf |y Disponible Online desde CINDA | ||
| 942 | |c BK |2 ddc | ||
| 945 | |d 20120830 00:00:00 |a dcastane | ||
| 952 | |0 0 |1 0 |4 0 |6 378_000000000000000_CIN_2012 |7 0 |8 C |9 451693 |a BIBCUR |b BIBCUR |d 2019-11-22 |i 4897870 |o 378 CIN 2012 |p 4897870 |r 2025-04-22 |w 2019-11-22 |y BK |k CAC | ||
| 952 | |0 0 |1 0 |4 0 |6 378_000000000000000_CIN_2012 |7 0 |8 ED_SUP |9 451694 |a BIBGIM |b BIBGIM |c S_PSTGRDO |d 2019-11-22 |i 4897811 |o 378 CIN 2012 |p 4897811 |r 2025-01-15 |w 2019-11-22 |y BK |k ESU | ||
| 952 | |0 0 |1 0 |4 0 |6 378_000000000000000_CIN_2012 |7 0 |8 A |9 451695 |a BIBING |b BIBING |d 2019-11-22 |i 489782K |o 378 CIN 2012 |p 489782K |r 2025-01-20 |w 2019-11-22 |y BK |k ING | ||
| 952 | |0 0 |1 0 |4 0 |6 378_000000000000000_CIN_2012 |7 0 |8 A |9 451696 |a BIBGIM |b BIBGIM |d 2019-11-22 |i 4897838 |o 378 CIN 2012 |p 4897838 |r 2025-01-15 |w 2019-11-22 |y BK |k GIM | ||
| 952 | |0 0 |1 0 |4 0 |6 378_000000000000000_CIN_2012 |7 0 |8 A |9 451697 |a BIBEDU |b BIBEDU |d 2019-11-22 |i 4897846 |l 3 |o 378 CIN 2012 |p 4897846 |r 2024-09-09 |s 2024-08-02 |w 2019-11-22 |y BK |k EDU | ||
| 952 | |0 0 |1 0 |3 erb |4 0 |6 378_000000000000000_CIN_2012 |7 0 |8 A |9 451698 |a BIBHIS |b BIBHIS |i 5148405 |l 1 |o 378 CIN 2012 |p 5148405 |r 2025-01-20 |s 2023-08-09 |w 2019-11-22 |y BK |z Catalogado en:20150529 |k HIS | ||
| 952 | |0 0 |1 0 |2 ddc |4 0 |6 378_000000000000000_CIN_2012 |7 0 |8 ED_SUP |9 589366 |a BIBGIM |b BIBGIM |c S_PSTGRDO |d 2023-03-31 |e Donación |i 5656682 |o 378 CIN 2012 |p 5656682 |r 2025-01-15 |t 7 |w 2023-03-31 |y BK |k ESU | ||